| 000 | 00356nam a2200109Ia 4500 | ||
|---|---|---|---|
| 008 | 171211s9999 xx 000 0 und d | ||
| 245 | _aMethodisch korrektes Biertrinken: ... und weitere Erkenntnisse aus einer Nacht mit Physik | ||
| 245 | _cReinhard Remfort | ||
| 260 | _c2017 | ||
| 650 | _xASTRONOMY | ||
| 856 | _uhttp://down.ebook777.com/063/3548375871.pdf | ||
| 999 |
_c349404 _d349404 |
||